Principles of athletic training: a competency-based approach
Saved in:
| Main Author: | |
|---|---|
| Format: | Book |
| Language: | English |
| Published: |
McGraw Hill
2014
|
| Tags: |
Add Tag
No Tags, Be the first to tag this record!
|
MARC
| LEADER | 00000nam a22000007a 4500 | ||
|---|---|---|---|
| 008 | 210126b ||||| |||| 00| 0 eng d | ||
| 020 | |a ISBN: 978-0-07-802264-7 | ||
| 100 | |a PRENTICE, William E. | ||
| 245 | |a Principles of athletic training: |b a competency-based approach |c William E. Prentice | ||
| 250 | |b 15th ed.- | ||
| 260 | |b McGraw Hill |c 2014 |h New York: |i 687079 |l RC1210 .P91 | ||
| 500 | |a “It includes references and index”. | ||
| 942 | |a lcc |c BK |e j o ifatola |f 26/1/2021 | ||
| 952 | |0 0 |1 0 |2 lcc |4 0 |6 RC1210 P91 |7 0 |9 1886 |a HOL |b HOL |c QZ |d 2021-01-26 |l 0 |o RC1210 .P91 |p 2021-5753 |r 2021-01-26 00:00:00 |w 2021-01-26 |y BK | ||
| 999 | |c 991 |d 991 | ||